<?xml version="1.0" encoding="UTF-8"?>
<record
    xmlns:xsi="http://www.w3.org/2001/XMLSchema-instance"
    xsi:schemaLocation="http://www.loc.gov/MARC21/slim http://www.loc.gov/standards/marcxml/schema/MARC21slim.xsd"
    xmlns="http://www.loc.gov/MARC21/slim">

  <leader>04093nam a22004091i 4500</leader>
  <controlfield tag="001">ebr10822279</controlfield>
  <controlfield tag="003">CaPaEBR</controlfield>
  <controlfield tag="006">m     o  d        </controlfield>
  <controlfield tag="007">cr cn|||||||||</controlfield>
  <controlfield tag="008">121108s2013    enk     ob    001 0 eng d</controlfield>
  <datafield tag="020" ind1=" " ind2=" ">
    <subfield code="a">9789221266198 (e-book)</subfield>
  </datafield>
  <datafield tag="020" ind1=" " ind2=" ">
    <subfield code="z">9789221266181</subfield>
  </datafield>
  <datafield tag="040" ind1=" " ind2=" ">
    <subfield code="a">CaPaEBR</subfield>
    <subfield code="b">eng</subfield>
    <subfield code="e">rda</subfield>
    <subfield code="e">pn</subfield>
    <subfield code="c">CaPaEBR</subfield>
  </datafield>
  <datafield tag="035" ind1=" " ind2=" ">
    <subfield code="a">(OCoLC)868925344</subfield>
  </datafield>
  <datafield tag="050" ind1="1" ind2="4">
    <subfield code="a">HD7801</subfield>
    <subfield code="b">.G56 2013eb</subfield>
  </datafield>
  <datafield tag="082" ind1="0" ind2="4">
    <subfield code="a">331.88</subfield>
    <subfield code="2">23</subfield>
  </datafield>
  <datafield tag="245" ind1="0" ind2="0">
    <subfield code="a">Globalizing social rights :</subfield>
    <subfield code="b">the international labour organization and beyond /</subfield>
    <subfield code="c">edited by Sandrine Kott and Jo&#xFFFD;elle Droux; International Labour Organization.</subfield>
  </datafield>
  <datafield tag="264" ind1=" " ind2="1">
    <subfield code="a">Houndmills, Basingstoke, Hampshire ;</subfield>
    <subfield code="a">New York :</subfield>
    <subfield code="b">Palgrave Macmillan,</subfield>
    <subfield code="c">2013.</subfield>
  </datafield>
  <datafield tag="300" ind1=" " ind2=" ">
    <subfield code="a">1 online resource (363 pages)</subfield>
  </datafield>
  <datafield tag="336" ind1=" " ind2=" ">
    <subfield code="a">text</subfield>
    <subfield code="2">rdacontent</subfield>
  </datafield>
  <datafield tag="337" ind1=" " ind2=" ">
    <subfield code="a">computer</subfield>
    <subfield code="2">rdamedia</subfield>
  </datafield>
  <datafield tag="338" ind1=" " ind2=" ">
    <subfield code="a">online resource</subfield>
    <subfield code="2">rdacarrier</subfield>
  </datafield>
  <datafield tag="490" ind1="1" ind2=" ">
    <subfield code="a">ILO century series</subfield>
  </datafield>
  <datafield tag="504" ind1=" " ind2=" ">
    <subfield code="a">Includes bibliographical references (pages 310-327) and index.</subfield>
  </datafield>
  <datafield tag="505" ind1="0" ind2="0">
    <subfield code="t">Transnational networks and milieus around the ILO -- Social and political networks and the creation of the ILO: the role of British actors / Olga Hidalgo-Weber -- The ILO and other international actors in 20th-century accident insurance in Switzerland and Germany / Martin Lengwiler -- The ILO, feminists and expert networks: the challenges of a protective policy (1919-1934) / Nora Natchkova and C&#xFFFD;eline Schoeni -- The ILO and the production of social standards -- Modern unemployment: from the creation of the concept to the International Labour Office's first standards / Ingrid Liebeskind Sauthier -- ILO expertise and colonial violence in the interwar years / J. P. Daughton -- The contribution of the ILO to the formation of public international cooperative law / Hagen Henr&#xFFFD;y -- The ILO and the international technocratic class, 1944-1966 / Jason Guthrie -- The ILO and national spaces: from social norms to social rights -- Global corporatism after the First World War-the Indian case / Madeleine Herren -- Dictatorship and international organizations: the ILO as a 'test ground' for Fascism / Stefano Gallo -- US New Deal social policy experts and the ILO, 1948-1954 / Jill Jensen -- Industrial states and transnational exchanges of social policies: Belgium and the ILO in the interwar period / Jasmien Van Daele -- The ILO as a forum for developing and demonstrating a Nordic model / Pauli Kettunen -- Competing social models: the ILO and other international bodies -- What's in a living standard? bringing society and economy together in the ILO and the League of Nations Depression Delegation, 1938-1945 / Patricia Clavin -- Developing nutritional standards and food policy: Latin American reformers between the ILO, the League of Nations Health Organization, and the Pan-American Sanitary Bureau / Corinne A. Pernet -- From inter-agency competition to transnational cooperation: the ILO contribution to child welfare issues during the interwar years / Jo&#xFFFD;elle Droux -- Pension privatization: the transnational campaign / Mitchell A. Orenstein -- The embattled standard-bearer of social insurance and its challenger: the ILO, the OECD and the 'crisis of the welfare state', 1975-1985 / Matthieu Leimgruber.</subfield>
  </datafield>
  <datafield tag="588" ind1=" " ind2=" ">
    <subfield code="a">Description based on print version record.</subfield>
  </datafield>
  <datafield tag="590" ind1=" " ind2=" ">
    <subfield code="a">Electronic reproduction. Palo Alto, Calif. : ebrary, 2014. Available via World Wide Web. Access may be limited to ebrary affiliated libraries.</subfield>
  </datafield>
  <datafield tag="610" ind1="2" ind2="0">
    <subfield code="a">International Labour Organization</subfield>
    <subfield code="x">History.</subfield>
  </datafield>
  <datafield tag="650" ind1=" " ind2="0">
    <subfield code="a">Social rights</subfield>
    <subfield code="x">History.</subfield>
  </datafield>
  <datafield tag="655" ind1=" " ind2="0">
    <subfield code="a">Electronic books.</subfield>
  </datafield>
  <datafield tag="700" ind1="1" ind2=" ">
    <subfield code="a">Kott, Sandrine.</subfield>
  </datafield>
  <datafield tag="700" ind1="1" ind2=" ">
    <subfield code="a">Droux, Jo&#xFFFD;elle.</subfield>
  </datafield>
  <datafield tag="776" ind1="0" ind2="8">
    <subfield code="i">Print version:</subfield>
    <subfield code="t">Globalizing social rights : the international labour organization and beyond.</subfield>
    <subfield code="d">Houndmills, Basingstoke, Hampshire ; New York : Palgrave Macmillan, 2013</subfield>
    <subfield code="h">xi, 346 pages ; 23 cm.</subfield>
    <subfield code="z">9789221266181</subfield>
    <subfield code="w">(DLC)  2012040924</subfield>
  </datafield>
  <datafield tag="797" ind1="2" ind2=" ">
    <subfield code="a">ebrary.</subfield>
  </datafield>
  <datafield tag="830" ind1=" " ind2="0">
    <subfield code="a">International Labour Organization century series.</subfield>
  </datafield>
  <datafield tag="856" ind1="4" ind2="0">
    <subfield code="u">http://site.ebrary.com/lib/rucke/Doc?id=10822279</subfield>
    <subfield code="z">An electronic book accessible through the World Wide Web; click to view</subfield>
  </datafield>
  <datafield tag="999" ind1=" " ind2=" ">
    <subfield code="c">85359</subfield>
    <subfield code="d">85359</subfield>
  </datafield>
</record>
